000 00932nam1a22003011i 4500
001 v19\rc\1496427
005 20240725233659.0
035 _a(NLR Aleph) 004624643
090 _a3086231
_c3086231
100 _a20060620g18811882|||y0rusy50 ca
101 0 _arus
102 _aRU
105 _a z |||||
200 1 _aМатериалы Комиссии по крестьянскому вопросу
_eВып. [1]
210 _aТверь
_d1881-1882
215 _d22-23
309 _aБез тит. л.
710 0 2 _aТверская губ. земская комиссия по крестьянскому вопросу
801 0 _aRU
_bNLR
_gpsbo
801 0 _aRU
_bRuMoRGB
_2psbo
801 1 _aRU
_bProSoft-M
_2rusmarc
852 _aNLR
_bЗем
_j41/36
852 _aNLR
_j+Шифры разные
899 _aRuMoRGB
_jT 23/307
899 _aБАН (1)
899 _aНБ СПбГУ (1)
899 _aГПИБ
942 _cBOOK